000 00216nam a2200085Ia 4500
008 250605s9999 xx 000 0 und d
041 _aeng
100 _aRanvijay Singh
245 _aKRG Strategy Consultants Private Limited
999 _c46334
_d46334